| 000 | 00598nam a22001457a 4500 | ||
|---|---|---|---|
| 999 |
_c531218 _d531218 |
||
| 008 | 250801b ||||| |||| 00| 0 eng d | ||
| 100 |
_aRanjan, Rupesh _955930 |
||
| 245 | _aMaya, Modi, Azad: Dalit politics in the time of Hindutva | ||
| 260 | _aIndian Journal of Public Administration | ||
| 300 | _a 71(2), Jun, 2025: p.431-433 | ||
| 520 | _aSudha Pai and Sajjan Kumar, (Harper Collins, 2023), 336 pp., ₹599.-Reproduced https://journals.sagepub.com/doi/full/10.1177/00195561251335866 | ||
| 773 | _aIndian Journal of Public Administration | ||
| 906 | _aBOOK REVIEW | ||
| 942 | _cAR | ||